[Event "CFriend CP.2005.P.00010"]
[Site "Chessfriend.com"]
[Date "2005.10.01"]
[Round "?"]
[White "Hnatovsky, Nicholas"]
[Black "Lacoste, Alain"]
[Result "1-0"]
[WhiteElo "2350"]
[BlackElo "2047"]
[PlyCount "101"]
[EventDate "2005.10.01"]
[EventType "tourn (corr)"]
[EventRounds "1"]
[SourceTitle "Corr 2008"]
[Source "ChessBase"]
[SourceDate "2008.06.24"]
[SourceVersion "1"]
[SourceVersionDate "2008.06.24"]
[SourceQuality "1"]

1. e4 c5 2. Nf3 d6 3. d4 cxd4 4. Nxd4 Nf6 5. Nc3 a6 6. Be3 e5 7. Nb3 Be6 8. f3 Nbd7 9. g4 b5 10. g5 b4 11. Nd5 Nxd5 12. exd5 Bf5 13. Bd3 Bxd3 14. Qxd3 Be7 15. Rg1 0-0 16. 0-0-0 a5 17. Kb1 a4 18. Nd2 f5 19. gxf6 Nxf6 20. Rg3 Qc8 21. Rdg1 Nh5 22. Rg4 Qb7 23. Bg5 Kh8 24. Ne4 Ra5 25. Bxe7 Qxe7 26. Ng5 Nf6 27. Rh4 Qa7 28. Rc1 h6 29. Ne6 Rg8 30. Qg6 Qe7 31. Rg1 b3 32. Ng5 bxc2+ 33. Kc1 Ra7 34. Nh7 Rf8 35. Nxf8 Qxf8 36. Qd3 a3 37. b3 Qa8 38. Rg2 Rf7 39. Rd2 Nd7 40. Rc4 Nc5 41. Qxc2 Rxf3 42. b4 Rf1+ 43. Rd1 Rxd1+ 44. Qxd1 Nd7 45. Qc2 Nb6 46. Rc6 Qd8 47. Qg2 Nc8 48. Rc3 Nb6 49. Qg4 Qf8 50. Rf3 Qg8 51. Qe6 1-0

[Event "CFriend CP-2005-P-00010"]
[Site "Chessfriend.com"]
[Date "2005.10.01"]
[Round "1"]
[White "Lacoste, Alain"]
[Black "Riemer, Wolfgang"]
[Result "0-1"]
[WhiteElo "2047"]
[BlackElo "2261"]
[PlyCount "78"]
[EventDate "2005.??.??"]
[EventType "tourn (corr)"]
[EventRounds "6"]
[SourceTitle "Corr 2008"]
[Source "ChessBase"]
[SourceDate "2008.06.24"]
[SourceVersion "1"]
[SourceVersionDate "2008.06.24"]
[SourceQuality "1"]

1. d4 Nf6 2. Nf3 g6 3. g3 Bg7 4. Bg2 d5 5. 0-0 c6 6. c4 dxc4 7. Nbd2 b5 8. Qc2 Nd5 9. Rd1 0-0 10. a3 Qa5 11. Rb1 Na6 12. e4 Nb6 13. b3 cxb3 14. Nxb3 Qa4 15. Qxc6 Be6 16. Qc3 Rac8 17. Qd3 b4 18. axb4 Nxb4 19. Qe3 Rfd8 20. Bf1 Nc2 21. Qd3 Bc4 22. Qxc2 Bxf1 23. Qd2 Bc4 24. Qb2 f5 25. exf5 Qc6 26. Nfd2 Bd5 27. Qa3 Bh1 28. f3 Bxf3 29. Rf1 Be2 30. Rf2 Bd3 31. Ra1 Bxf5 32. Bb2 Bf6 33. Qa6 Bg5 34. Qe2 Nd5 35. Nf1 Nc3 36. Bxc3 Qxc3 37. g4 Bd7 38. Rf3 Qb4 39. h3 Rf8 0-1

[Event "IECG CP.2003.Q.00014 email"]
[Site "IECG email"]
[Date "2005.01.15"]
[Round "?"]
[White "Lacoste, Alain"]
[Black "Skeels, James B"]
[Result "1/2-1/2"]
[WhiteElo "2015"]
[BlackElo "2308"]
[PlyCount "77"]
[EventDate "2005.01.15"]
[EventType "tourn (corr)"]
[EventRounds "6"]
[SourceTitle "Corr 2008"]
[Source "ChessBase"]
[SourceDate "2008.06.24"]
[SourceVersion "1"]
[SourceVersionDate "2008.06.24"]
[SourceQuality "1"]

1. d4 Nf6 2. Nf3 e6 3. g3 b5 4. Bg2 d5 5. 0-0 Nbd7 6. Qd3 a6 7. Bf4 c5 8. c3 Be7 9. Nbd2 0-0 10. b3 Bb7 11. a4 bxa4 12. Rxa4 cxd4 13. cxd4 Nh5 14. Rfa1 Nxf4 15. gxf4 a5 16. Ne5 Nxe5 17. dxe5 Qb6 18. Nf3 Ba6 19. Qd1 Bb4 20. e3 Bc3 21. Rc1 Rac8 22. Bh3 Rc5 23. f5 exf5 24. Bxf5 Bc8 25. Qd3 Bxf5 26. Qxf5 Qxb3 27. Rg4 Qb6 28. Kh1 g6 29. Rcg1 Rc4 30. R4g3 Rc7 31. Qh5 Qc6 32. Ng5 d4+ 33. f3 gxh5 34. Ne6+ Kh8 35. Nxf8 Qg6 36. Nxg6+ hxg6 37. exd4 Bxd4 38. Rd1 Bxe5 39. Rg5 1/2-1/2

[Event "IECG WC.2003.F.00005 email"]
[Site "IECG email"]
[Date "2003.12.20"]
[Round "?"]
[White "Lacoste, Alain"]
[Black "Di Tolla, Francesco"]
[Result "1-0"]
[WhiteElo "2004"]
[BlackElo "2042"]
[PlyCount "103"]
[EventDate "2003.12.20"]
[EventType "tourn (corr)"]
[EventRounds "14"]
[SourceTitle "Corr 2008"]
[Source "ChessBase"]
[SourceDate "2008.06.24"]
[SourceVersion "1"]
[SourceVersionDate "2008.06.24"]
[SourceQuality "1"]

1. d4 Nf6 2. Nf3 e6 3. g3 b5 4. Bg2 Bb7 5. 0-0 h6 6. Qd3 a6 7. Nbd2 Be7 8. c4 Nc6 9. b3 0-0 10. Bb2 Nb4 11. Qc3 bxc4 12. bxc4 c5 13. dxc5 Bxc5 14. a3 Nc6 15. Ne4 Be7 16. Rfd1 Qc7 17. c5 Na7 18. Nfd2 Nb5 19. Qd3 Nxe4 20. Nxe4 Rad8 21. a4 f5 22. Nd6 Bxg2 23. axb5 Be4 24. Qd4 Bf6 25. b6 Qc6 26. Qb4 Bxb2 27. Qxb2 Qxc5 28. Rxa6 Bc6 29. Qa3 Qc2 30. Qd3 Qxd3 31. exd3 Rb8 32. Rb1 Rfd8 33. f4 Kf8 34. Kf2 Ke7 35. Nc4 Bd5 36. Ke3 d6 37. Kd4 Bb7 38. Ra7 Rd7 39. Rb2 g5 40. Re2 Kf6 41. Kc3 Rdd8 42. Kb4 Bf3 43. Re1 Bd5 44. Kb5 Rbc8 45. Rc7 Rb8 46. h4 gxf4 47. gxf4 Kg6 48. Na5 Kh5 49. Nc6 Bxc6+ 50. Kxc6 e5 51. b7 Rf8 52. Rg7 1-0

[Event "IECG WC.2003.F.00005 email"]
[Site "IECG email"]
[Date "2003.12.20"]
[Round "?"]
[White "Lacoste, Alain"]
[Black "Rusak, Alexandr Victorovic"]
[Result "0-1"]
[WhiteElo "2004"]
[BlackElo "2013"]
[PlyCount "108"]
[EventDate "2003.12.20"]
[EventType "tourn (corr)"]
[EventRounds "14"]
[SourceTitle "Corr 2008"]
[Source "ChessBase"]
[SourceDate "2008.06.24"]
[SourceVersion "1"]
[SourceVersionDate "2008.06.24"]
[SourceQuality "1"]

1. d4 Nf6 2. Nf3 d5 3. g3 g6 4. Bg2 Bg7 5. 0-0 0-0 6. c4 c6 7. Qb3 dxc4 8. Qxc4 Bf5 9. Nc3 Nbd7 10. e3 Nb6 11. Qe2 Ne4 12. Rd1 Nxc3 13. bxc3 Na4 14. Bd2 Be4 15. Ne1 Bxg2 16. Nxg2 e5 17. Rab1 Qe7 18. Qc4 Nb6 19. Qb3 Rfd8 20. a4 Rab8 21. a5 Nd7 22. Bc1 b6 23. Ba3 Qf6 24. axb6 axb6 25. e4 Qf3 26. Nh4 Qxe4 27. Bd6 Rbc8 28. Re1 Qd5 29. dxe5 Qxb3 30. Rxb3 b5 31. f4 Nb6 32. Nf3 Nc4 33. Bc5 Rd3 34. Nd4 Nd2 35. Ra3 b4 36. Ra2 bxc3 37. Kf2 Bf8 38. Ke2 Bxc5 39. Kxd3 Bxd4 40. Kxd4 Nf3+ 41. Ke4 Nxe1 42. Re2 Rd8 43. Rxe1 c2 44. Rc1 Rd2 45. h3 Kf8 46. Ke3 Rh2 47. Ke4 Ke7 48. g4 h5 49. gxh5 gxh5 50. f5 f6 51. e6 Kd6 52. Kf4 Rf2+ 53. Ke4 c5 54. Rg1 c4 0-1

[Event "IECG WC.2003.F.00005 email"]
[Site "IECG email"]
[Date "2003.12.20"]
[Round "?"]
[White "Sobirey, Michael"]
[Black "Lacoste, Alain"]
[Result "0-1"]
[WhiteElo "2106"]
[BlackElo "2004"]
[PlyCount "28"]
[EventDate "2003.12.20"]
[EventType "tourn (corr)"]
[EventRounds "14"]
[SourceTitle "Corr 2024"]
[Source "ChessBase"]
[SourceDate "2023.10.19"]
[SourceVersion "1"]
[SourceVersionDate "2023.10.19"]
[SourceQuality "1"]

1. e4 c5 2. Nf3 d6 3. d4 cxd4 4. Nxd4 Nf6 5. Nc3 a6 6. Rg1 b5 7. g4 Bb7 8. Bg2 Nfd7 9. a4 b4 10. Na2 a5 11. c3 Na6 12. Be3 e6 13. cxb4 axb4 14. Qe2 Ndc5 0-1

[Event "IECG CP.2002.Q.00006 email"]
[Site "IECG email"]
[Date "2003.10.01"]
[Round "?"]
[White "Lacoste, Alain"]
[Black "Szava, Miklos"]
[Result "1/2-1/2"]
[WhiteElo "2004"]
[BlackElo "2165"]
[PlyCount "77"]
[EventDate "2003.10.01"]
[EventType "tourn (corr)"]
[EventRounds "10"]
[SourceTitle "Corr 2008"]
[Source "ChessBase"]
[SourceDate "2008.06.24"]
[SourceVersion "1"]
[SourceVersionDate "2008.06.24"]
[SourceQuality "1"]

1. d4 Nf6 2. Nf3 g6 3. g3 Bg7 4. Bg2 0-0 5. 0-0 d5 6. c4 dxc4 7. Na3 c3 8. bxc3 c5 9. e3 Nc6 10. Qe2 Bf5 11. Bb2 e5 12. Nc4 e4 13. Nfe5 Nxe5 14. Nxe5 h5 15. h3 Qc8 16. Kh2 Qe6 17. c4 Rad8 18. Rad1 Rfe8 19. dxc5 g5 20. f4 g4 21. h4 Nh7 22. Rxd8 Rxd8 23. Rd1 Rxd1 24. Qxd1 f6 25. Nd3 Qxc4 26. Nf2 Bg6 27. f5 Bxf5 28. Qd4 Qxd4 29. Bxd4 Bf8 30. Nxe4 Bd7 31. Bxf6 Bc6 32. Bd4 Kf7 33. Nc3 Nf6 34. Bf1 Nd7 35. Bc4+ Ke8 36. Bd3 Kf7 37. Ne2 Bxc5 38. Nf4 Bxd4 39. exd4 1/2-1/2

[Event "IECG CP.2003.P.00016 email"]
[Site "IECG email"]
[Date "2003.10.01"]
[Round "?"]
[White "Lacoste, Alain"]
[Black "Turicnik, Vladimir"]
[Result "0-1"]
[WhiteElo "2004"]
[BlackElo "1972"]
[PlyCount "38"]
[EventDate "2003.10.01"]
[EventType "tourn (corr)"]
[EventRounds "6"]
[EventCountry "SLO"]
[SourceTitle "Corr 2008"]
[Source "ChessBase"]
[SourceDate "2008.06.24"]
[SourceVersion "1"]
[SourceVersionDate "2008.06.24"]
[SourceQuality "1"]

1. d4 Nf6 2. Nf3 g6 3. g3 Bg7 4. Bg2 0-0 5. 0-0 d6 6. c4 Nbd7 7. Nc3 e5 8. e4 c6 9. h3 Re8 10. b3 a6 11. Be3 exd4 12. Nxd4 Nc5 13. Qc2 Qe7 14. Rfe1 Bd7 15. f3 Nh5 16. Kh2 f5 17. exf5 gxf5 18. Rad1 Qf7 19. Nde2 Rxe3 0-1

[Event "IECG CP.2002.Q.00006 email"]
[Site "IECG email"]
[Date "2003.10.01"]
[Round "?"]
[White "Lacoste, Alain"]
[Black "Zumsande, Martin"]
[Result "1/2-1/2"]
[WhiteElo "2004"]
[BlackElo "2221"]
[PlyCount "69"]
[EventDate "2003.10.01"]
[EventType "tourn (corr)"]
[EventRounds "10"]
[SourceTitle "Corr 2008"]
[Source "ChessBase"]
[SourceDate "2008.06.24"]
[SourceVersion "1"]
[SourceVersionDate "2008.06.24"]
[SourceQuality "1"]

1. d4 e6 2. c4 d5 3. Nf3 Nf6 4. g3 Be7 5. Bg2 0-0 6. 0-0 dxc4 7. Ne5 Nc6 8. Bxc6 bxc6 9. Nxc6 Qe8 10. Nxe7+ Qxe7 11. Qa4 c5 12. Qxc4 cxd4 13. Qxd4 Rd8 14. Qh4 Rb8 15. Nc3 Rb4 16. e4 h6 17. a3 Rc4 18. Be3 Bb7 19. Rac1 e5 20. f3 Rd3 21. Rfe1 Qd7 22. g4 Nh7 23. Qg3 f6 24. h4 Nf8 25. Rc2 Ne6 26. g5 hxg5 27. hxg5 Nxg5 28. Bxg5 fxg5 29. Qxe5 Rxf3 30. Rg2 g4 31. Nd5 Bxd5 32. exd5 Rd3 33. Qh5 Rc8 34. Rh2 Rg3+ 35. Kh1 1/2-1/2

[Event "IECG CP.2002.Q.00006 email"]
[Site "IECG email"]
[Date "2003.10.01"]
[Round "?"]
[White "Marcotulli, Giancarlo"]
[Black "Lacoste, Alain"]
[Result "1/2-1/2"]
[WhiteElo "2303"]
[BlackElo "2004"]
[PlyCount "112"]
[EventDate "2003.10.01"]
[EventType "tourn (corr)"]
[EventRounds "10"]
[SourceTitle "Corr 2008"]
[Source "ChessBase"]
[SourceDate "2008.06.24"]
[SourceVersion "1"]
[SourceVersionDate "2008.06.24"]
[SourceQuality "1"]

1. e4 c5 2. Nf3 d6 3. d4 cxd4 4. Nxd4 Nf6 5. Nc3 a6 6. Bg5 e6 7. f4 Qb6 8. Qd2 Qxb2 9. Rb1 Qa3 10. f5 Nc6 11. fxe6 fxe6 12. Nxc6 bxc6 13. Be2 Be7 14. 0-0 0-0 15. Rb3 Qc5+ 16. Be3 Qe5 17. Bd4 Qa5 18. Bb6 Qe5 19. Bd4 Qa5 20. Kh1 Qc7 21. Qg5 Rf7 22. Bb6 Qd7 23. Qg3 Nh5 24. Qe1 Rxf1+ 25. Qxf1 Nf6 26. Bf3 Bb7 27. Be3 Rf8 28. Qd3 e5 29. h3 a5 30. Na4 Rd8 31. Bb6 Ra8 32. Bf2 Qc7 33. Qc4+ Kh8 34. Nb6 Rb8 35. Be1 Bd8 36. Bxa5 Qe7 37. Qa4 Bxb6 38. Rxb6 Nd7 39. Rb1 Nc5 40. Qb4 Rf8 41. Bb6 Ne6 42. Be3 Ba8 43. Qd2 c5 44. c3 Bc6 45. Qd3 Ra8 46. Rb6 Qc7 47. Rb2 Nf4 48. Qf1 Rf8 49. Kh2 h6 50. Qa6 Qd7 51. Bg4 Qc7 52. g3 Ng6 53. Qd3 Rf6 54. Rf2 Rxf2+ 55. Bxf2 Qf7 56. Kg2 c4 1/2-1/2

[Event "IECG CP.2002.Q.00006 email"]
[Site "IECG email"]
[Date "2003.10.01"]
[Round "?"]
[White "Ribeiro, Rogerio"]
[Black "Lacoste, Alain"]
[Result "1-0"]
[WhiteElo "1506"]
[BlackElo "2004"]
[PlyCount "73"]
[EventDate "2003.10.01"]
[EventType "tourn (corr)"]
[EventRounds "10"]
[SourceTitle "Corr 2008"]
[Source "ChessBase"]
[SourceDate "2008.06.24"]
[SourceVersion "1"]
[SourceVersionDate "2008.06.24"]
[SourceQuality "1"]

1. e4 c5 2. Nf3 d6 3. d4 cxd4 4. Nxd4 Nf6 5. Nc3 a6 6. Be2 e5 7. Nb3 Be7 8. 0-0 0-0 9. Kh1 Nc6 10. f4 b5 11. Nd5 Nxe4 12. Bf3 f5 13. Nxe7+ Nxe7 14. fxe5 dxe5 15. Qxd8 Rxd8 16. Nc5 Ra7 17. Nxe4 fxe4 18. Bxe4 Rad7 19. a4 b4 20. Bd3 Bb7 21. Be3 Nd5 22. Bg5 Re8 23. Rae1 h6 24. Bd2 Rde7 25. Bg6 Rc8 26. Rf2 a5 27. Rfe2 Nb6 28. Rxe5 Rxe5 29. Rxe5 Nxa4 30. b3 Nc3 31. Bxc3 bxc3 32. h4 Ra8 33. Kh2 Kf8 34. Rf5+ Kg8 35. Rc5 a4 36. bxa4 Rxa4 37. Rb5 1-0

[Event "IECG CP.2002.P.00001 email"]
[Site "IECG email"]
[Date "2002.10.01"]
[Round "?"]
[White "Lacoste, Alain"]
[Black "Grizzaffi, Michael"]
[Result "1-0"]
[WhiteElo "1991"]
[BlackElo "1607"]
[PlyCount "51"]
[EventDate "2002.10.01"]
[EventType "tourn (corr)"]
[EventRounds "6"]
[EventCountry "AUS"]
[SourceTitle "Corr 2008"]
[Source "ChessBase"]
[SourceDate "2008.06.24"]
[SourceVersion "1"]
[SourceVersionDate "2008.06.24"]
[SourceQuality "1"]

1. d4 f5 2. Nf3 Nf6 3. g3 g6 4. Bg2 Bg7 5. 0-0 0-0 6. c4 d6 7. Nc3 Qe8 8. Nd5 Nxd5 9. cxd5 Qb5 10. Ng5 h6 11. Ne6 Bxe6 12. dxe6 d5 13. a4 Qc4 14. e3 c6 15. b3 Qc3 16. Ba3 Rf6 17. Rc1 Qa5 18. g4 Na6 19. gxf5 gxf5 20. Bxe7 Rxe6 21. Bh4 Rf8 22. Qh5 Nb4 23. Bh3 Re4 24. Kh1 Nd3 25. Rcd1 Qc3 26. Rg1 1-0

[Event "IECG WC.2004.S.00007 email"]
[Site "IECG email"]
[Date "2002.05.08"]
[Round "?"]
[White "Lacoste, Alain"]
[Black "Edighoffer, Harold H"]
[Result "0-1"]
[WhiteElo "2009"]
[BlackElo "2433"]
[PlyCount "82"]
[EventDate "2002.05.08"]
[EventType "tourn (corr)"]
[EventRounds "8"]
[SourceTitle "Corr 2008"]
[Source "ChessBase"]
[SourceDate "2008.06.24"]
[SourceVersion "1"]
[SourceVersionDate "2008.06.24"]
[SourceQuality "1"]

1. d4 d5 2. Nf3 Nf6 3. g3 Bf5 4. Bg2 e6 5. 0-0 Nc6 6. c4 dxc4 7. Qa4 Qd7 8. Qxc4 Be4 9. Nc3 Na5 10. Qb5 Qxb5 11. Nxb5 Nd5 12. Bd2 Nc4 13. Rac1 Bxf3 14. Rxc4 Bxe2 15. Bxd5 Bxf1 16. Kxf1 exd5 17. Rxc7 a6 18. Nc3 b5 19. Nxd5 Bd6 20. Rb7 0-0 21. Ba5 Rfe8 22. Rd7 Bf8 23. a3 Rac8 24. Nc7 Re7 25. Rxe7 Bxe7 26. Nxa6 Rc1+ 27. Kg2 Rc2 28. b4 Rc3 29. Nc7 Rxa3 30. Nxb5 Rb3 31. Na7 Bxb4 32. Bxb4 Rxb4 33. Nc6 Rb3 34. h3 Kf8 35. Ne5 f6 36. Nf3 Rd3 37. h4 Ke7 38. Ne1 Rxd4 39. Nc2 Ra4 40. Ne3 Ke6 41. h5 Ke5 0-1

[Event "IECG RB.2002.0.00009"]
[Site "IECG email"]
[Date "2002.01.23"]
[Round "?"]
[White "Novoa, Ruben Fernando"]
[Black "Lacoste, Alain"]
[Result "0-1"]
[WhiteElo "1872"]
[BlackElo "1996"]
[PlyCount "58"]
[EventDate "2002.01.23"]
[EventType "tourn (corr)"]
[EventRounds "6"]
[SourceTitle "Corr 2008"]
[Source "ChessBase"]
[SourceDate "2008.06.24"]
[SourceVersion "1"]
[SourceVersionDate "2008.06.24"]
[SourceQuality "1"]

1. c4 e6 2. Nc3 d5 3. d4 Nf6 4. cxd5 exd5 5. Bg5 Be7 6. e3 0-0 7. Bd3 c6 8. Nge2 Nbd7 9. Ng3 h6 10. h4 Re8 11. Nf5 Nf8 12. Nxe7+ Qxe7 13. Bxf6 Qxf6 14. Qd2 Ng6 15. g3 Bg4 16. Bc2 Rad8 17. Rh2 c5 18. h5 Nf8 19. Kf1 Ne6 20. dxc5 Ng5 21. Bd1 Bxd1 22. Qxd1 d4 23. exd4 Rxd4 24. Qc2 Qa6+ 25. Kg2 Qc6+ 26. Kf1 Nf3 27. Rh3 Qxc5 28. Rd1 Qc4+ 29. Kg2 Qc6 0-1

[Event "LSS RA-2001-0-00005"]
[Site "LSS email"]
[Date "2001.09.16"]
[Round "1"]
[White "Alvebring, Martin"]
[Black "Lacoste, Alain"]
[Result "1/2-1/2"]
[WhiteElo "2175"]
[BlackElo "2005"]
[PlyCount "89"]
[EventDate "2001.09.16"]
[EventType "tourn (corr)"]
[EventRounds "6"]
[EventCountry "GER"]
[SourceTitle "Corr 2024"]
[Source "ChessBase"]
[SourceDate "2023.10.19"]
[SourceVersion "1"]
[SourceVersionDate "2023.10.19"]
[SourceQuality "1"]

1. e4 c5 2. Nf3 d6 3. d4 cxd4 4. Nxd4 Nf6 5. Nc3 a6 6. Be2 e5 7. Nb3 Be7 8. 0-0 0-0 9. Kh1 Be6 10. f4 exf4 11. Bxf4 Nc6 12. Qe1 Qc7 13. Qg3 Ne5 14. Nd4 b5 15. a3 Rac8 16. Rad1 Kh8 17. Nxe6 fxe6 18. Qh3 Nc4 19. Bc1 Qd7 20. Bxc4 Rxc4 21. e5 Ng4 22. Rxf8+ Bxf8 23. Qf3 Kg8 24. exd6 Bxd6 25. Qa8+ Kf7 26. Rf1+ Kg6 27. h3 Nf6 28. Qf3 Bc7 29. Rd1 Rd4 30. Re1 Qd6 31. g3 e5 32. Kh2 e4 33. Qf2 Rc4 34. Bf4 Qc5 35. Be3 Qe5 36. Rf1 b4 37. axb4 Rxb4 38. Nd1 Qe6 39. Kg2 Nh5 40. Bd2 Rb5 41. g4 Nf6 42. Qe2 h5 43. g5 e3 44. Qxe3 Ne4 45. Qe2 1/2-1/2

[Event "LSS RA-2001-0-00005"]
[Site "LSS email"]
[Date "2001.09.16"]
[Round "1"]
[White "Bourgault, Pierre"]
[Black "Lacoste, Alain"]
[Result "1-0"]
[WhiteElo "2009"]
[BlackElo "2005"]
[PlyCount "65"]
[EventDate "2001.09.16"]
[EventType "tourn (corr)"]
[EventRounds "6"]
[EventCountry "GER"]
[SourceTitle "Corr 2024"]
[Source "ChessBase"]
[SourceDate "2023.10.19"]
[SourceVersion "1"]
[SourceVersionDate "2023.10.19"]
[SourceQuality "1"]

1. e4 c5 2. b3 e6 3. Nc3 Nc6 4. Bb5 Nd4 5. Bd3 Qg5 6. g3 d5 7. Bb2 dxe4 8. Bxe4 Nf6 9. Nf3 Nxf3+ 10. Bxf3 Be7 11. Qe2 0-0 12. 0-0-0 Qf5 13. h4 Rd8 14. Rde1 Bf8 15. d3 Rb8 16. Ne4 Nd7 17. Kb1 e5 18. Ng5 Nf6 19. Qxe5 Bd6 20. Qc3 Qg6 21. Ne4 Nxe4 22. Bxe4 Qh6 23. Qa5 Rd7 24. Bf5 b6 25. Re8+ Bf8 26. Qe1 Rc7 27. Bxh7+ Qxh7 28. Be5 Rc6 29. Bxb8 Bd7 30. Rd8 Re6 31. Rxd7 Rxe1+ 32. Rxe1 Qf5 33. Rd8 1-0

[Event "LSS RA-2001-0-00005"]
[Site "LSS email"]
[Date "2001.09.16"]
[Round "1"]
[White "Lund, Jens Dahlen"]
[Black "Lacoste, Alain"]
[Result "1-0"]
[WhiteElo "2159"]
[BlackElo "2005"]
[PlyCount "115"]
[EventDate "2001.09.16"]
[EventType "tourn (corr)"]
[EventRounds "6"]
[EventCountry "GER"]
[SourceTitle "Corr 2024"]
[Source "ChessBase"]
[SourceDate "2023.10.19"]
[SourceVersion "1"]
[SourceVersionDate "2023.10.19"]
[SourceQuality "1"]

1. c4 e6 2. Nf3 d5 3. d4 Nf6 4. Bg5 Be7 5. e3 0-0 6. Nc3 h6 7. Bxf6 Bxf6 8. Bd3 dxc4 9. Bxc4 c5 10. dxc5 Qa5 11. 0-0 Qxc5 12. Qb3 Nc6 13. Ne4 Qe7 14. Rac1 Na5 15. Qb5 Nxc4 16. Rxc4 b6 17. Nxf6+ Qxf6 18. Rc7 Rb8 19. Rxa7 Bb7 20. Qe5 Qg6 21. Qg3 Qxg3 22. hxg3 Bd5 23. a3 Rfc8 24. Ne5 Rc2 25. b4 Rb7 26. Rxb7 Bxb7 27. Rd1 Bd5 28. f3 f5 29. g4 Rc3 30. Kf2 fxg4 31. e4 g3+ 32. Kxg3 Bxe4 33. Rd8+ Kh7 34. a4 Bc2 35. Rd6 Bxa4 36. Rxb6 Bb3 37. Nd7 Kg6 38. Nc5 Kf5 39. Rb7 g5 40. Rf7+ Kg6 41. Rc7 Rc4 42. Na6 Rxc7 43. Nxc7 Kf5 44. b5 Ba4 45. b6 Bc6 46. Na6 Ke5 47. Nc5 Kd6 48. b7 Kc7 49. Nxe6+ Kb8 50. Nd8 Bd7 51. Nf7 Kxb7 52. Nxh6 Be6 53. Ng4 Kc6 54. Nf6 Bf5 55. Kf2 Kc7 56. g4 Bc2 57. Ne4 Kd7 58. Nxg5 1-0

[Event "IECG WC.2004.P.00008 email"]
[Site "IECG email"]
[Date "2001.01.22"]
[Round "?"]
[White "Baserga, Fabrizzio"]
[Black "Lacoste, Alain"]
[Result "0-1"]
[WhiteElo "1471"]
[BlackElo "2069"]
[PlyCount "40"]
[EventDate "2001.01.22"]
[EventType "tourn (corr)"]
[EventRounds "8"]
[SourceTitle "Corr 2008"]
[Source "ChessBase"]
[SourceDate "2008.06.24"]
[SourceVersion "1"]
[SourceVersionDate "2008.06.24"]
[SourceQuality "1"]

1. d4 d5 2. c4 e6 3. Nc3 Nf6 4. Bg5 Be7 5. e3 0-0 6. Nf3 h6 7. Bh4 b6 8. Bd3 dxc4 9. Bxc4 Bb7 10. 0-0 Nbd7 11. Qe2 c5 12. dxc5 Bxf3 13. Qxf3 Ne5 14. Qe2 Nxc4 15. Qxc4 Qc7 16. c6 Rac8 17. Rac1 Qxc6 18. Qxc6 Rxc6 19. Nb5 Rxc1 20. Rxc1 a6 0-1

[Event "IECG WC.2004.P.00008 email"]
[Site "IECG email"]
[Date "2001.01.22"]
[Round "?"]
[White "Di Tolla, Francesco"]
[Black "Lacoste, Alain"]
[Result "1/2-1/2"]
[WhiteElo "1659"]
[BlackElo "2069"]
[PlyCount "60"]
[EventDate "2001.01.22"]
[EventType "tourn (corr)"]
[EventRounds "8"]
[SourceTitle "Corr 2008"]
[Source "ChessBase"]
[SourceDate "2008.06.24"]
[SourceVersion "1"]
[SourceVersionDate "2008.06.24"]
[SourceQuality "1"]

1. c4 e6 2. Nf3 Nf6 3. g3 d5 4. Bg2 c5 5. cxd5 exd5 6. d4 Nc6 7. 0-0 Be7 8. Nc3 0-0 9. Bg5 cxd4 10. Nxd4 h6 11. Be3 Re8 12. Rc1 Bf8 13. Nxc6 bxc6 14. Na4 Bd7 15. Bc5 Bxc5 16. Nxc5 Bg4 17. Re1 Qa5 18. h3 Bf5 19. Qd4 Rab8 20. a3 Qb6 21. Qf4 Be4 22. Bxe4 dxe4 23. b4 a5 24. e3 axb4 25. axb4 Qd8 26. Rc4 Nd5 27. Qg4 Rxb4 28. Rxb4 Nxb4 29. Nxe4 Qe7 30. Nf6+ Qxf6 1/2-1/2